Multikulturalitat bei Barbara Frischmuth und Baha Tahir : (رقم التسجيلة. 7349)

تفاصيل مارك
000 -LEADER
fixed length control field 014920000a22003370004500
003 - CONTROL NUMBER IDENTIFIER
control field EG-GICUC
005 - DATE AND TIME OF LATEST TRANSACTION
control field 20250223025158.0
008 - FIXED-LENGTH DATA ELEMENTS--GENERAL INFORMATION
fixed length control field 080326s2007 ua f m 000 0 ger d
040 ## - CATALOGING SOURCE
Original cataloging agency EG-GICUC
Language of cataloging ger
Transcribing agency EG-GICUC
041 0# - LANGUAGE CODE
Language code of text/sound track or separate title Ger
049 ## - LOCAL HOLDINGS (OCLC)
Holding library Deposite
097 ## - Thesis Degree
Thesis Level Ph.D
099 ## - LOCAL FREE-TEXT CALL NUMBER (OCLC)
Classification number Cai01.02.14.Ph.D.2007.Mu.M
100 0# - MAIN ENTRY--PERSONAL NAME
Personal name Mumina Hafez Abdelbarr
245 10 - TITLE STATEMENT
Title Multikulturalitat bei Barbara Frischmuth und Baha Tahir :
Remainder of title Untersuchung ausgewahlter werke /
Statement of responsibility, etc. Mumina Hafez Abdelbarr ; Supervised Nahed Shafik Eldib , Ahmed Abdelaziz Ali
246 15 - VARYING FORM OF TITLE
Title proper/short title التغددية الثقافية بين باربارا فريشموت وبهاء طاهر :
Remainder of title دراسة لاعمال مختارة
260 ## - PUBLICATION, DISTRIBUTION, ETC.
Place of publication, distribution, etc. Cairo :
Name of publisher, distributor, etc. Mumina Hafez Abdelbarr ,
Date of publication, distribution, etc. 2007
300 ## - PHYSICAL DESCRIPTION
Extent 242P. ;
Dimensions 25cm
502 ## - DISSERTATION NOTE
Dissertation note Thesis (Ph.D.) - Cairo University - Faculty Of Arts - Department Of German Language
520 ## - SUMMARY, ETC.
Summary, etc. Diese Komparatistische Forschungsarbeit thematisiert das Phanomen der Kulturellen Vielfalt innerhalb zahlreicher Gesellschaften , was heutzutage zum Zentralthema akademischer Debatten sowie taglicher Diskussionen in den verschiedenen Massenmedien
530 ## - ADDITIONAL PHYSICAL FORM AVAILABLE NOTE
Additional physical form available note Issued also as CD
653 #4 - INDEX TERM--UNCONTROLLED
Uncontrolled term Kultur
653 #4 - INDEX TERM--UNCONTROLLED
Uncontrolled term Multikulturalitat
653 #4 - INDEX TERM--UNCONTROLLED
Uncontrolled term Postmodernismus
700 0# - ADDED ENTRY--PERSONAL NAME
Personal name Ahmed Abdelaziz Ali ,
Relator term
700 0# - ADDED ENTRY--PERSONAL NAME
Personal name Nahed Shafik Eldib ,
Relator term
856 ## - ELECTRONIC LOCATION AND ACCESS
Uniform Resource Identifier <a href="http://172.23.153.220/th.pdf">http://172.23.153.220/th.pdf</a>
905 ## - LOCAL DATA ELEMENT E, LDE (RLIN)
Cataloger Fatma
Reviser Cataloger
905 ## - LOCAL DATA ELEMENT E, LDE (RLIN)
Cataloger Mustafa
Reviser Revisor
942 ## - ADDED ENTRY ELEMENTS (KOHA)
Source of classification or shelving scheme Dewey Decimal Classification
Koha item type Thesis
المقتنيات
Source of classification or shelving scheme Not for loan Home library Current library Date acquired Full call number Barcode Date last seen Koha item type Copy number
Dewey Decimal Classification   المكتبة المركزبة الجديدة - جامعة القاهرة قاعة الرسائل الجامعية - الدور الاول 11.02.2024 Cai01.02.14.Ph.D.2007.Mu.M 01010110048315000 22.09.2023 Thesis  
Dewey Decimal Classification   المكتبة المركزبة الجديدة - جامعة القاهرة مخـــزن الرســائل الجـــامعية - البدروم 11.02.2024 Cai01.02.14.Ph.D.2007.Mu.M 01020110048315000 22.09.2023 CD - Rom 48315.CD
Cairo University Libraries Portal Implemented & Customized by: Eng. M. Mohamady Contacts: new-lib@cl.cu.edu.eg | cnul@cl.cu.edu.eg
CUCL logo CNUL logo
© All rights reserved — Cairo University Libraries
CUCL logo
Implemented & Customized by: Eng. M. Mohamady Contact: new-lib@cl.cu.edu.eg © All rights reserved — New Central Library
CNUL logo
Implemented & Customized by: Eng. M. Mohamady Contact: cnul@cl.cu.edu.eg © All rights reserved — Cairo National University Library